[Event "Clarin GP final"]
[Site "Villa Gesell"]
[Date "1997.03.13"]
[Round "10"]
[White "Ricardi, Pablo"]
[Black "Valerga, Diego"]
[Result "1-0"]
[WhiteElo "2575"]
[BlackElo "2445"]
[Annotator "Lutz,C"]
[PlyCount "125"]
[EventDate "1997.03.02"]
[EventType "tourn"]
[EventRounds "11"]
[EventCountry "ARG"]
[EventCategory "11"]
[SourceTitle "CBM 058"]
[Source "ChessBase"]
[SourceDate "1997.06.01"]
[SourceVersion "1"]
[SourceVersionDate "1997.06.01"]
[SourceQuality "1"]

1. Nf3 {Hecht} Nf6 2. c4 c6 3. Nc3 d5 4. e3 e6 5. d4 Nbd7 6. Bd3 dxc4 7. Bxc4
b5 8. Be2 Bb7 9. O-O Be7 10. e4 b4 11. e5 bxc3 12. exf6 Nxf6 13. bxc3 O-O 14.
Rb1 Qc7 15. Bf4 Qxf4 16. Rxb7 Nd5 (16... Bd6 17. g3 Qf5 18. Qa4 Ne4 19. Rc1 c5
20. Qc2 Qd5 {1/2-1/2 Portisch,L-Chernin,A/Reggio Emilia 1986}) 17. Qc2 (17. g3
Qd6 18. c4 Nc3 19. Qc2 Nxe2+ 20. Qxe2 Bf6 21. Ne5 Rad8 22. Re1 h6 $11 {1/2-1/2
Lobron,E-Gelfand,B/Wijk op 1993 (38)}) 17... Bf6 $6 (17... Rfb8 $5) 18. g3 Qf5
19. Qxf5 exf5 20. Rc1 $14 Rfe8 21. Bc4 Re7 22. Bxd5 cxd5 23. Rxe7 Bxe7 24. Rb1
Rc8 25. Rb7 Bf8 26. Ne5 f6 27. Nd7 f4 28. Rxa7 f3 29. h4 Bd6 30. Ra6 Be7 31.
Nb6 Rxc3 32. Nxd5 Rc1+ 33. Kh2 Bf8 34. g4 Rd1 35. Kg3 Rxd4 36. Ne3 Kf7 37. a4
Bc5 38. Rc6 Bd6+ 39. Kxf3 Be5 40. a5 h5 41. gxh5 Rxh4 42. a6 Ra4 43. Nc4 Bd4
44. Nd6+ Kg8 45. Nb5 Kh7 46. Nxd4 Rxd4 {[#] Hecht In Kürze 1-1 am Königsflügel
bei von der Seite gedecktem a-Freibauer auf der 7.Reihe. Dadurch frei
beweglicher weißer König, da de f-Bauer nicht gedeckt werden muß und
beweglicher weißer Turm (für Angriff auf den schwarzen f-Bauern, sobald der
König bei dem a-Bauern ist. Zu langer Weg des schwarzen Königs zum weißen
f-Bauer.} 47. a7 Ra4 (47... Rd8 {Hecht} 48. Ra6 Ra8 49. Ke4 Kh6 50. Ra5 g6 51.
hxg6 Kxg6 52. Kd5 Kf5 53. Kc6+ Kf4 54. Kb7 $18) 48. Rc7 Kh6 49. Ke3 f5 (49...
g5 {Hecht} 50. hxg6 Kxg6 51. Kd3 Kf5 52. Kc3 Kf4 (52... Ra1 53. Kb4 Kg4 54. Kb5
f5 55. Kb6 Kf3 56. Rf7 f4 57. Kb7 Ra4 58. Rf8 (58. Kb8 Kxf2 59. Rxf4+ Rxf4 60.
a8=Q Rf8+ $11) 58... Kxf2 59. Rxf4+ Rxf4 60. a8=Q $18) 53. Rc4+ $18) 50. Kd3
Kxh5 51. Rxg7 Kh6 52. Rc7 Kg5 53. Kc3 Ra1 54. Kb4 Kg4 55. Rg7+ Kf4 (55... Kf3 {
Hecht} 56. Rg3+ Kxf2 57. Ra3 $18) 56. Rf7 Ke4 57. Kc5 f4 58. Kb6 Kf3 59. Rf5
Ra2 60. Ra5 Rxa5 61. Kxa5 Kxf2 62. a8=Q f3 63. Kb4 1-0

[Event "Sarajevo Bosnia 34th"]
[Site "Sarajevo"]
[Date "2004.05.24"]
[Round "6"]
[White "Kozul, Zdenko"]
[Black "Short, Nigel D"]
[Result "1/2-1/2"]
[WhiteElo "2627"]
[BlackElo "2712"]
[Annotator "Lutz,C"]
[PlyCount "73"]
[EventDate "2004.05.18"]
[EventType "tourn"]
[EventRounds "9"]
[EventCountry "BIH"]
[EventCategory "15"]
[SourceTitle "CBM 101"]
[Source "ChessBase"]
[SourceDate "2004.07.27"]
[SourceVersion "1"]
[SourceVersionDate "2004.07.27"]
[SourceQuality "1"]

1. d4 {Ftacnik} d5 2. c4 c6 3. e3 Nf6 4. Nc3 e6 5. Nf3 Nbd7 6. Bd3 dxc4 7. Bxc4
b5 8. Bd3 Bd6 {Dieser Zug stellt eine bislang wenig beachtete Alternative zu 8.
..a6 und 8...Bb7 dar, die von Vadim Zvjaginsev und Alexander Graf einige Male
angewandt wurde.} 9. Ng5 $5 {Ftacnik: 'Kozul is fond of this active move, the
main idea is to transfer the white queen to the kingside with chances for an
attack. ' Das sieht ein bisschen wie ein Hurra-Angriff aus, aber neben der
Idee Qd1-f3 beabsichtigt Weiß auch Nge4, um gegen das geschwächte Feld c5 zu
spielen.} (9. O-O O-O (9... Bb7 $2 10. e4 e5 11. dxe5 Nxe5 12. Nxe5 Bxe5 13. f4
Bc7 14. e5 Ng4 15. Qxg4 Qxd3 16. Rd1 h5 17. Qxg7 Qh7 18. Qxh7 Rxh7 19. Ne4 $18
{1/2-1/2 Kasparov,G-Short,N/Reykjavik 2004/CBM 100 (53)}) 10. Bd2 (10. e4 e5
11. Ne2 Re8 12. Qc2 Bb7 13. dxe5 Nxe5 14. Nxe5 Bxe5 15. f4 Bd4+ 16. Kh1 c5 17.
e5 c4 18. Bf5 g6 19. Nxd4 Qxd4 20. Bh3 Ne4 21. Qe2 f5 22. Be3 Qd5 23. Rfd1 Qc6
$13 {1/2-1/2 Kozul,Z-Graf,A/Plovdiv 2003/CBM 98 no vc (44)}) 10... Bb7 11. Rc1
Rc8 12. Ne2 b4 13. e4 Be7 (13... c5 14. e5 $5 Bxf3 15. exd6 Bd5 $13 {0-1
Lautier,J-Zvjaginsev,V/Tilburg 1998/EXT 99/[Lutz] (59)}) 14. e5 Nd5 15. Ng3 c5
16. Qe2 N5b6 17. Be4 Bd5 18. Bxd5 Nxd5 19. Ne4 cxd4 20. Qd3 h6 21. Rxc8 Qxc8
22. Rc1 Qb8 23. Qxd4 Qb6 24. Qc4 Qb8 25. Qd4 Qb6 26. Qc4 Qb8 {1/2-1/2 Jussupow,
A-Zvjaginsev,V/Essen 2002/CBM 90 (26)}) 9... Bb7 10. Qf3 Qb6 (10... Rb8 11. O-O
h6 12. Nge4 Be7 13. Rd1 O-O 14. Qg3 Nxe4 15. Nxe4 c5 16. dxc5 Nxc5 17. Nxc5
Bxc5 18. e4 Qb6 19. Bf4 Rbc8 $13 {1-0 Kozul,Z-Godena,M/Istanbul 2003/CBM 96 
(35)}) (10... a6 11. O-O Qc7 12. Qh3 h6 13. e4 e5 14. Nf3 Bc8 15. Qh4 exd4 16.
Nxd4 Ne5 17. Qg3 Nh5 18. Qe3 Ng4 19. Qe2 Bxh2+ 20. Kh1 Bg1 21. e5 Bxf2 {
0-1 Mchedlishvili,M-Sandipan,C/Abu Dhabi 2003/CBM 97 (21)}) 11. Qh3 Be7 (11...
b4 {Ftacnik} 12. Nge4 Be7 13. Nxf6+ Nxf6 14. Na4 Qa5 15. b3 c5 $11) 12. O-O b4
13. Ne2 (13. Na4 {Ftacnik} Qa5 14. Nc5 Nxc5 15. dxc5 Rd8 16. e4 Qxc5 $17) 13...
c5 14. Re1 h6 (14... cxd4 {Ftacnik} 15. exd4 h6 16. Nf3 O-O $11) 15. Nf3 O-O {
Es sieht so aus, als hätten sich die weißen Aktionen nicht so richtig
ausgezahlt. Aber dank der Dame auf h3 gibt es immer noch latente Bedrohung am
Königsflügel und Weiß hat außerdem das Feld c4 für seine Figuren.} 16. b3 Rfd8
(16... cxd4 {Ftacnik} 17. Nexd4 Rfd8 18. Bb2 $11) 17. Bb2 a5 18. Nd2 a4 19. Nc4
Qc6 (19... Qc7 {Ftacnik} 20. Rac1 $11) 20. Rad1 axb3 21. axb3 Ne4 22. Nf4 {
Weiß hat nach wie vor einige Drohungen.} (22. f3 {Ftacnik} Nd6 23. Qg3 Nf6 $13)
22... Bg5 23. Bxe4 (23. d5 $5 {Ftacnik} exd5 24. Bxe4 dxe4 25. Rd6 Qc7 (25...
Qb5 26. Nh5 Nf8 27. Bxg7 $14) 26. Qg3 Ra6 27. Rxa6 Bxa6 28. Bxg7 $13) 23...
Qxe4 24. Nd6 Qc6 25. dxc5 (25. d5 $5 {Ftacnik} exd5 26. Nxb7 Qxb7 27. Nxd5 Nb6
$11) 25... Nxc5 26. Nxb7 Qxb7 27. Nh5 {Jetzt wird es noch einmal scharf.} Nd3
28. Bxg7 Nxe1 29. Rxe1 Rd2 {'?' Ftacnik. Ftacnik: 'The ambition to occupy the
the second rank is laudable, but the tactics is favouring white. After the
correct 29...Qb5 it would have been Kozul who would have had to play very
carefully.' Schwarz muss schnell handeln, sonst passiert am Königsflügel ein
Unglück.} (29... Qb5 $1 {Ftacnik} 30. f4 (30. Qg3 Qe2 $1 $19) 30... Be7 31.
Bxh6 Qf5 $15) 30. Qg3 Kh7 (30... Raa2 $2 {Ftacnik} 31. Bxh6 Qb5 32. Nf6+ Kh8
33. Bxg5 $18) 31. h4 Raa2 {Es scheint, als ob dieser Gegenangriff die Balance
hält.} 32. hxg5 (32. Rf1 $2 Qb5 33. hxg5 $2 Qxf1+ 34. Kxf1 Rd1#) 32... Rxf2 33.
Nf4 {'?!' Ftacnik. Ftacnik: 'White is chickening out of the chance to play for
win with three pieces for a queen and settles for a draw.' Kozul wählt die
sichere Variante.} (33. Qxf2 {'!' Ftacnik.} Rxf2 34. Kxf2 Qb5 $5 {und die
Stellung ist völlig unklar. Schwarz droht, den Pb3 abzuholen und es ist
fraglich, ob Weiß so seine Figuren koordinieren kann, dass er Drohungen gegen
den schwarzen König aufstellen kann.} (34... hxg5 {Ftacnik} 35. Bd4 Qc8 36.
Nf6+ Kg6 37. Ng4 $16)) 33... Kxg7 34. gxh6+ Kxh6 35. Qh4+ Kg7 36. Qg5+ Kh7 37.
Qh4+ {mit Remisvereinbarung, da Weiß Dauerschach gibt.} (37. Rd1 $5 Rxf4 (37...
Qe4 $2 38. Qh4+ Kg7 39. Nh5+ $18) (37... Qc6 38. Rd8 $5) 38. exf4 Qb6+ 39. Kh2
Ra5 $11) 1/2-1/2

[Event "YUG-ch"]
[Site "Podgorica"]
[Date "1996.??.??"]
[Round "13"]
[White "Ilincic, Zlatko"]
[Black "Blagojevic, Dragisa"]
[Result "0-1"]
[WhiteElo "2555"]
[BlackElo "2450"]
[Annotator "Lutz,C"]
[PlyCount "70"]
[EventDate "1996.02.??"]
[EventType "tourn"]
[EventRounds "15"]
[EventCountry "YUG"]
[EventCategory "9"]
[SourceTitle "CBM 053"]
[Source "ChessBase"]
[SourceDate "1996.08.01"]
[SourceVersion "1"]
[SourceVersionDate "1996.08.01"]
[SourceQuality "1"]

1. d4 {Ftacnik} d5 2. c4 c6 3. Nf3 Nf6 4. Nc3 e6 5. e3 Nbd7 6. Bd3 dxc4 7. Bxc4
b5 8. Bb3 b4 9. Na4 Ba6 $1 {Der einfachste Weg zum Ausgleich.} 10. Bd2 c5 11.
dxc5 Nxc5 (11... Bxc5 {Ftacnik} 12. Nxc5 Nxc5 13. Ba4+ Nfd7 14. Bxb4 O-O 15.
Bc2 (15. Bxc5 Nxc5 16. Qxd8 Rfxd8 17. Bc2 Rac8 18. Rd1 Rxd1+ 19. Kxd1 Bd3 $44)
15... Qb6 16. Qd4 $5 Rfc8 17. Bc3 f6 18. O-O-O Rab8 19. Rd2 e5 20. Qd6 $2 (20.
Qd5+ Kh8 21. Rhd1 e4 22. Ne1 Nd3+ 23. Rxd3 $13) 20... e4 $1 $17 {Vulfson,
V-Lepeshkin,V/USSR/1988/}) 12. Nxc5 Bxc5 13. Ba4+ (13. Bxe6 O-O (13... fxe6 14.
Qa4+ $16 {Bagirov,V}) 14. Qb3 Bb7 15. Bc4 a5 16. Rd1 (16. O-O $2 Bxf3 17. gxf3
Qxd2 18. Rad1 a4 19. Bxf7+ Kh8 20. Qc4 Qxb2 $17 {Bagirov,V}) 16... Qc7 17. O-O
Rad8 18. h3 Ba7 19. Bc1 Rc8 20. Be2 Bb8 $44 {0-1 Costa,J-Bagirov,V/EU-chT
Debrecen (04) LAT-SWZ ;EU-chT 1992 (58)} (20... Bb8 {Ftacnik} 21. Rfe1 Ne4 22.
h4 Nf6 {Costa,J-Bagirov,V/Debrecen/1992/0-1 (58)})) (13. Rc1 Qb6 14. Bc4 Bb7
15. Qa4+ Bc6 16. Qc2 Bd6 17. Bd3 Bb7 18. Qa4+ Ke7 19. Nd4 (19. O-O {Ftacnik}
Rhc8 20. Nd4 Ne4 21. Bxe4 Bxe4 22. f3 Bb7 23. h3 a5 24. a3 g6 25. Rfe1 Bc5 26.
Rxc5 Qxc5 27. axb4 axb4 28. Qxb4 Qxb4 29. Bxb4+ Kf6 {Ruzele,D-Kaidanov,G/
URS-OT56 Blagoveshchensk/1988/0-1 (69)}) 19... Rhc8 20. Ke2 Ne4 21. Bxe4 Bxe4
22. f3 Bd5 23. Kf2 a5 24. Rxc8 Rxc8 25. g3 Be5 26. Nb3 Rc2 {0-1 Costa,
J-Kramnik,V/EU-chT Debrecen (01) SWZ-RUS ;EU-chT 1992}) 13... Kf8 {[%csl Ra4,
Rd2] Der Rochadeverlust ist unbedeutend, schwerer wiegt die schlechte Stellung
der weißen Läufer. Mir gefällt die schwarze Stellung bereits besser.} 14. Rc1
Qb6 15. Ne5 (15. Qb3 {Ftacnik} Ne4 (15... Rc8 16. Rxc5 $1 Rxc5 17. Bxb4) 16.
Ne5 Qd6 $13) 15... Rc8 16. Qb3 g6 17. Nc4 (17. Rxc5 Rxc5 18. Bxb4 Kg7 19. Bxc5
Qxc5 20. Qc3 Qxc3+ 21. bxc3 Rc8 22. Bc6 Rb8 $15) 17... Qb8 18. O-O Kg7 (18...
Ng4 $5 {Ftacnik} 19. g3 Kg7) 19. Rfd1 (19. h3 $1 {Ftacnik} Rhd8 20. Rfd1) 19...
Ng4 $17 20. g3 (20. f4 $2 {Ftacnik} Qxf4) 20... Qb7 21. Rf1 (21. h3 {Ftacnik}
Qf3 22. hxg4 Bb7 23. Bc3+ bxc3 24. Qxc3+ (24. Kf1 Qh1+ 25. Ke2 Bf3+ 26. Kd3
Rhd8+ $19) 24... Kg8 25. Kf1 Qh1+ 26. Ke2 Bf3+ 27. Kd3 Rd8+ $19) 21... Rhd8 22.
h3 (22. Be1 {Ftacnik} Qd5 23. h3 Bb7 $19) 22... Ne5 23. Nxe5 (23. Bc3 {Ftacnik}
bxc3 24. Qxb7 Bxb7 25. Nxe5 Bd6 $19) 23... Bxf1 24. Rxf1 (24. Bc3 $2 {Ftacnik}
Qg2#) 24... Rxd2 25. Nc4 Rdd8 26. a3 Qd5 27. axb4 Bxb4 28. Rc1 (28. Qxb4 {
Ftacnik} Rxc4 $19) 28... a5 29. Qa2 Qf5 30. h4 Rd2 31. Rf1 (31. Nxd2 Rxc1+ 32.
Nf1 Qd3 $19) 31... Re2 32. Bd1 Re1 33. b3 (33. Rxe1 Bxe1 34. b3 Rd8 $19) 33...
Rd8 34. Be2 Qf6 35. Kg2 (35. Rxe1 Bxe1 36. Bg4 Bb4 $19) 35... Rd2 (35... Rd2 $1
36. Nxd2 Rxe2 37. Ne4 Rxa2 38. Nxf6 Kxf6 $19) 0-1

[Event "Cuernavaca Young Masters"]
[Site "Cuernavaca"]
[Date "2006.02.03"]
[Round "1"]
[White "Bruzon Batista, Lazaro"]
[Black "Dominguez Perez, Leinier"]
[Result "1/2-1/2"]
[WhiteElo "2650"]
[BlackElo "2638"]
[Annotator "Lutz,C"]
[PlyCount "86"]
[EventDate "2006.02.03"]
[EventType "tourn"]
[EventRounds "9"]
[EventCountry "MEX"]
[EventCategory "16"]
[SourceTitle "CBM 112"]
[Source "ChessBase"]
[SourceDate "2006.06.07"]
[SourceVersion "1"]
[SourceVersionDate "2006.06.07"]
[SourceQuality "1"]

1. d4 d5 2. c4 c6 3. Nc3 Nf6 4. e3 e6 5. Nf3 Nbd7 6. Bd3 dxc4 7. Bxc4 b5 8. Bd3
Bb7 9. e4 b4 10. Na4 c5 11. e5 Nd5 12. O-O cxd4 13. Re1 g6 14. Bg5 Qa5 15. Nxd4
a6 16. a3 bxa3 17. bxa3 Bg7 18. Bd2 Qd8 19. Rb1 Rb8 20. Rxb7 {Dieses
Scheinopfer ist theoretisch bestens bekannt. Weiß bekommt die Qualität
umgehend zurück und kann sogar noch einen Mehrbauern dabei einstreichen. Wegen
der schlechten Stellung des Na4 und der Schwäche des Pe5 hat er jedoch nicht
viel davon. Dominguez hatte übrigens diese Variante schon zweimal zuvor mit
Scharz gespielt.} Rxb7 21. Bxa6 Rc7 22. Ba5 (22. Nb5 $6 O-O 23. Nxc7 Qxc7 24.
Qc1 Qa7 25. Bb5 Nxe5 $15 {1/2-1/2 Sokolov,I-Luther,T/Istanbul 2003/CBM 96/
[Lutz] (63)}) 22... O-O 23. Nc6 (23. Nf3 Qb8 $1 (23... Rc1 24. Bxd8 Rxd1 25.
Rxd1 Rxd8 26. Bc4 Nxe5 27. Nxe5 Bxe5 28. Nb6 $14) (23... Qa8 24. Bxc7 Qxa6 25.
Bd6 Rc8 26. Nb2 Rc3 $14) 24. Bxc7 Qxc7 25. Qe2 Rb8 $1 26. Bc4 Qa5 27. Bxd5 (27.
Qd1 Rd8 28. Bxd5 Nxe5 29. Rxe5 Bxe5 30. Nxe5 Rxd5 31. Nd3 Rxd3 32. Qxd3 Qxa4
$11) 27... Qxa4 28. Be4 Qxa3 29. Qd3 Qa7 30. Qc3 Qc5 31. Qxc5 Nxc5 $15 {
1/2-1/2 Vasquez,R-Dominguez,L/Buenos Aires 2003/CBM 097/[Lutz] (46)}) (23. Nb5
Bxe5 24. Nxc7 (24. Rxe5 Rc1 $1 25. Qxc1 Qxa5 $15) 24... Bxc7 $15 {0-1
Gustafsson,J-Ribli,Z/Germany 2002/EXT 2003 (35)}) (23. Bc4 $5 {verdient nähere
Beachtung, aber auch hier kann Schwarz mit genauem Spiel ausgleichen.} Nxe5 (
23... Nf4 24. Qf3 (24. Nf3 $5 $14) 24... Nxe5 25. Qxf4 Nxc4 26. Nc6 Rxc6 27.
Bxd8 Rxd8 28. Qf3 Rcc8 29. h3 Bf8 30. Rd1 Rxd1+ 31. Qxd1 Bxa3 32. Qd7 Rb8 33.
Qd3 Rc8 {1/2-1/2 Pap,G-Banusz,T/Budapest 2004/EXT 2005 (33)}) (23... Qa8 24.
Bxc7 Nxc7 25. Nxe6 Nxe6 26. Qxd7 Rd8 27. Qb5 Rb8 28. Nb6) 24. Bxd5 exd5 25. Nb5
Rc1 26. Bxd8 Rxd1 27. Rxd1 Rxd8 28. Nac3 Nc4 29. Nxd5 Kf8 $2 (29... Ra8 30.
Ndc7 Ra5 31. Rd8+ Bf8 32. g4 Nxa3 33. Nd4 Re5 $11) 30. Ne3 Rb8 31. Nxc4 Rxb5
32. Kf1 $16 Rb3 33. Rc1 Ke8 34. Ke2 Bf8 35. a4 Rb4 36. Ne3 Kd7 37. Rc4 Rb2+ 38.
Kf3 Ra2 39. h4 Be7 40. g3 h5 41. Nc2 Bd8 42. Ke2 Bb6 43. f3 Rb2 44. g4 hxg4 45.
fxg4 Bd8 46. h5 gxh5 47. gxh5 Rb1 48. Rd4+ Ke8 49. Ne3 Bb6 50. Re4+ Kd7 51. Nf5
Bd8 52. Rd4+ Ke6 53. Ng7+ Ke7 54. h6 Rh1 55. Rd5 f5 56. Nxf5+ Ke6 57. Rxd8 Kxf5
58. Rd6 Ke4 59. a5 Rh2+ 60. Kd1 {1-0 Mecking,H-Dominguez,L/Rio de Janeiro 2003/
CBM 097 ext (60)}) 23... Qa8 24. Ne7+ Nxe7 25. Bxc7 Nd5 26. Bf1 Nxc7 27. Qxd7
Qa5 $11 {Angesichts seiner verstreuten Figuren kann Weiß seinen Mehrbauern
nicht halten.} 28. Rc1 Nd5 29. Nc5 Qxa3 30. Rc2 Bxe5 31. Nxe6 Nf6 32. Qc6 Re8
33. Ng5 Qd6 34. Nf3 Qxc6 35. Rxc6 Kg7 36. Nxe5 Rxe5 37. g3 Nd7 38. Rc7 Nf8 39.
Bc4 Ne6 40. Ra7 Kf6 41. h4 h5 42. Bxe6 Rxe6 43. Kg2 Ke5 1/2-1/2

[Event "Enghien les Bains 2nd"]
[Site "Enghien les Bains"]
[Date "1997.03.20"]
[Round "7"]
[White "Anic, Darko"]
[Black "Fontaine, Robert"]
[Result "0-1"]
[WhiteElo "2470"]
[BlackElo "2320"]
[Annotator "Lutz,C"]
[PlyCount "55"]
[EventDate "1997.03.14"]
[EventType "tourn"]
[EventRounds "9"]
[EventCountry "FRA"]
[EventCategory "10"]
[SourceTitle "CBM 058"]
[Source "ChessBase"]
[SourceDate "1997.06.01"]
[SourceVersion "1"]
[SourceVersionDate "1997.06.01"]
[SourceQuality "1"]

1. c4 Nf6 2. Nf3 c6 3. d4 d5 4. Nc3 e6 5. e3 Nbd7 6. Bd3 dxc4 7. Bxc4 b5 8. Bd3
Bb7 9. O-O b4 10. Ne4 Be7 11. Bd2 (11. Nxf6+ Nxf6 12. e4 {ist die kritische
Variante.}) 11... O-O (11... c5 12. Nxf6+ gxf6 13. Qe2 f5 14. Rfd1 Rg8 15. dxc5
Bxc5 16. Bb5 Bd5 17. Rac1 Rc8 18. Be1 Ke7 19. Nh4 Ne5 20. Rxc5 Rxc5 21. Bxb4
Qb6 22. Rc1 Rgc8 23. a4 Kf6 24. Rxc5 Rxc5 25. Bxc5 Qxc5 26. Qd2 Ke7 27. b4 Qc7
28. Nxf5+ Kf6 29. Ng3 Qb7 30. Qd4 {1-0 Bets,A-Gilbert,C/Bucharest1 1993}) 12.
Rc1 c5 13. Qc2 Rc8 14. dxc5 $2 (14. Qb1) 14... Bxe4 15. Bxe4 Nxc5 $17 16. Bxh7+
Nxh7 17. Bxb4 Qb6 18. Ba3 Qb7 19. h3 Nf6 20. Rfd1 Nce4 21. Qa4 Bxa3 22. Qxa3 a6
23. Ne5 Qb5 24. Nd3 Rxc1 25. Rxc1 Rd8 26. Nc5 Qe2 27. Qxa6 Qxf2+ 28. Kh1 0-1

[Event "DEN-ch"]
[Site "Aarhus"]
[Date "1999.04.03"]
[Round "8"]
[White "Larsen, Bent"]
[Black "Schandorff, Lars"]
[Result "1-0"]
[WhiteElo "2532"]
[BlackElo "2527"]
[Annotator "Lutz,C"]
[PlyCount "97"]
[EventDate "1999.03.??"]
[EventType "tourn"]
[EventRounds "9"]
[EventCountry "DEN"]
[EventCategory "10"]
[SourceTitle "CBM 071"]
[Source "ChessBase"]
[SourceDate "1999.08.01"]
[SourceVersion "1"]
[SourceVersionDate "1999.08.01"]
[SourceQuality "1"]

1. d4 d5 2. Nf3 Nf6 3. c4 c6 4. Nc3 e6 5. e3 Nbd7 6. Bd3 dxc4 7. Bxc4 b5 8. Be2
a6 9. e4 b4 10. e5 bxc3 11. exf6 Nxf6 12. bxc3 Bd6 13. O-O O-O 14. Bg5 c5 15.
Rb1 $14 {Wegen der Fesselung des Nf6 und der Felderkontrolle am Damenflügel
kann Weiß auf eine kleine Initiative hoffen.} Rb8 16. Rxb8 Bxb8 17. Qb3 Bd6 18.
Rb1 cxd4 19. cxd4 Qa5 20. Bxf6 gxf6 21. Bc4 Qc7 22. g3 a5 23. Nd2 Bb4 24. Ne4
Qe7 25. Qe3 Bb7 26. a3 $1 {Sehr schön gespielt. In der entstehenden Stellung
mit ungleichen Läufern ist der schwarze Mehrbauer auf der a-Linie unwichtig.
Viel schwerer wiegen die Schwächen am Königsflügel. Weiß hat im Angriff quasi
eine Mehrfigur, da der schwarze Läufer nicht die Felder decken kann, die der
weiße Läufer angreift. Allerdings hätte Schwarz sich in der Folge besser
verteidigen können.} Bxe4 27. Qxe4 f5 28. Qf3 Bxa3 29. Rb7 Qd6 30. d5 exd5 31.
Bxd5 Bb4 $2 ({Schwarz sollte den Schaden reduzieren:} 31... f4 32. Qg4+ (32.
gxf4 {ist strategisch nicht wünschenswert}) (32. g4 {ist auch nicht
wünschenswert, da Weiß den Pf4 nicht so leicht erobern kann.}) 32... Kh8 33.
Rxf7 (33. Bxf7 fxg3 34. hxg3 Qf6 35. Qe6 Qxe6 36. Bxe6 Bc5) 33... Rxf7 34. Bxf7
Qf8 35. Bb3 (35. Qxf4 Kg7 {und Weiß kommt nicht um den Damentausch herum.})
35... fxg3 36. hxg3 Bc5 {und Schwarz verteidigt sich.}) 32. Bc4 $2 {Ein
unangebrachtes Manöver. Weiß sollte den Pf5 sofort nehmen.} (32. Qxf5 $16 {
Schwarz hat es schwer, sich zu verteidigen.}) 32... Qe5 $2 ({Schwarz konnte
auch hier 32...f4 spielen, mit ähnlichen Varianten:} 32... f4 33. Qg4+ (33.
gxf4 Kh8 $5 34. Bxf7 $2 Rxf7 35. Rxf7 Qg6+) 33... Kh8 34. Rxf7 (34. Bxf7 fxg3
35. hxg3 Qf6 36. Qe6 Qxe6 37. Bxe6 Bc5 $11) 34... Rxf7 35. Bxf7 Qf8 36. Bb3 (
36. Qxf4 Kg7) 36... fxg3 37. hxg3 Bc5 {und Schwarz kann sich halten.}) 33. Bd3
Kh8 (33... f4 34. Rb5 $5) 34. Bxf5 $16 {Es ist fraglich, ob Schwarz sich
halten kann.} Qg7 35. Bc2 Kg8 36. Kg2 Kh8 37. Bb3 Kg8 38. h4 h6 39. Qd5 Bc3 40.
Rb6 Kh8 41. Qh5 Bf6 42. Ra6 a4 43. Bxa4 Rb8 44. Bc2 Kg8 45. Bd3 Bd4 46. Bc4 Kf8
47. Qd5 Re8 $6 (47... Kg8 $142 $16) 48. Rxh6 Qxh6 49. Qxf7# 1-0